01027nam a2200205Ia 4500003000900000008004100009020001800050040001600068080001500084111017100099245033200270260004800602300002300650650004100673650001300714650002400727650001900751700002800770700002300798IN-BaIIA211028s9999 xx 000 0 eng d a0-521-44412-8 cIIA Library a524.3bSTA a4th EIPC Astrophysical Workshop on Star formation, Galaxies and the interstellar MediumcElba International Physics Center Marciana Marina, Elba Islandd1992 June 1-6 0aStar formation, Galaxies and the interStellar mediumbproceedings of the 4th EIPC astrophysical Workshop on Star formation, Galaxies and the interStellar medium, held in Elba International Physics Center Marciana Marina, Elba Island, Italy, 1-6 June 1992cedited by José Franco, Federico Ferrini, and Guillermo Tenorio-Tagle. aCambridgebCambridge University Pressc1993 a[various pagings.] aAstronomy and Astrophysics thesaurus aGalaxies aInterStellar medium aStar formation aFerrini, Federico., ed. aFranco, Jose., ed.